[Event "Ruhrgebiet Verbandsbezirksliga Gr 1"]
[Site "Ruhrgebiet"]
[Date "2018.09.30"]
[Round "1.6"]
[White "Lueke, Andreas"]
[Black "Seibert, Joachim"]
[Result "0-1"]
[WhiteElo "1519"]
[BlackElo "1611"]
[PlyCount "68"]
[EventDate "2018.09.30"]
[EventType "team-tourn"]
[EventRounds "9"]
[EventCountry "GER"]
[SourceTitle "EXT 2022"]
[Source "ChessBase"]
[SourceDate "2021.10.06"]
[SourceVersion "1"]
[SourceVersionDate "2021.10.06"]
[SourceQuality "1"]
[WhiteTeam "Werl SC 1981 II"]
[BlackTeam "Unna SV II"]
[WhiteTeamCountry "GER"]
[BlackTeamCountry "GER"]

1. e4 e5 2. Nf3 Nc6 3. Bc4 Nf6 4. d3 Be7 5. Be3 0-0 6. 0-0 d6 7. c3 Bg4 8. Nbd2 d5 9. exd5 Nxd5 10. Qc2 Nxe3 11. fxe3 Bh5 12. b4 Bf6 13. a4 Bg6 14. e4 a6 15. Nb3 Na7 16. Nc5 Qc8 17. Bd5 Rb8 18. Ba2 b6 19. Nb3 Qd7 20. Nbd2 Rbd8 21. Nc4 Qxd3 22. Qxd3 Rxd3 23. Nfxe5 Rxc3 24. Nxg6 hxg6 25. e5 Be7 26. Nd6 cxd6 27. Rxf7 Rxf7 28. Rf1 Kh7 29. Bxf7 dxe5 30. Re1 Bxb4 31. Rxe5 Bc5+ 32. Kf1 Rc1+ 33. Ke2 Rc2+ 34. Kd3 Rxg2 0-1

[Event "Ruhrgebiet Verbandsklasse Gruppe 3 1819"]
[Site "Nordrheinwestfalen"]
[Date "2018.09.23"]
[Round "1.8"]
[White "Jochmann, Christian"]
[Black "Seibert, Joachim"]
[Result "1-0"]
[WhiteElo "1822"]
[BlackElo "1611"]
[PlyCount "109"]
[EventDate "2018.09.23"]
[EventType "team-tourn"]
[EventRounds "9"]
[EventCountry "GER"]
[SourceTitle "EXT 2022"]
[Source "ChessBase"]
[SourceDate "2021.10.06"]
[SourceVersion "1"]
[SourceVersionDate "2021.10.06"]
[SourceQuality "1"]
[WhiteTeam "Brambauer"]
[BlackTeam "Unna SV"]
[WhiteTeamCountry "GER"]
[BlackTeamCountry "GER"]

1. e4 e5 2. Nf3 Nc6 3. Bc4 Nf6 4. d3 Be7 5. 0-0 0-0 6. c3 d6 7. h3 Be6 8. Bxe6 fxe6 9. Re1 Qd7 10. a4 Rae8 11. Qb3 Nd8 12. d4 exd4 13. Nxd4 c5 14. Nf5 Kh8 15. Nxe7 Rxe7 16. e5 Nd5 17. Nd2 Nf4 18. exd6 Ref7 19. Ne4 Nd3 20. Re2 Rf5 21. c4 Nf4 22. Bxf4 Rxf4 23. Nxc5 Qxd6 24. Ne4 Qe7 25. Qe3 Nc6 26. Qc5 Qd7 27. Rd2 Qc7 28. Re1 R4f5 29. Qd6 Qa5 30. Red1 e5 31. Nc5 Nd4 32. Ne6 R5f6 33. Qc5 Qxc5 34. Nxc5 Rg6 35. Kf1 b6 36. Nd7 Re8 37. Nxe5 Rge6 38. Rxd4 Rxe5 39. Rd8 h6 40. Rxe8+ Rxe8 41. b4 Re4 42. Rc1 a6 43. c5 bxc5 44. bxc5 Re8 45. c6 Rc8 46. c7 Kh7 47. Ke2 Kg6 48. Ke3 Kf5 49. Kd4 Ke6 50. f4 Kd6 51. g4 g6 52. f5 g5 53. a5 Kd7 54. Kd5 Ke7 55. Kc6 1-0

[Event "Ruhrgebiet Bezirksliga 17/18"]
[Site "Ruhrgebiet"]
[Date "2017.09.03"]
[Round "1.5"]
[White "Seibert, Joachim"]
[Black "Reininghaus, Dennis"]
[Result "1-0"]
[WhiteElo "1597"]
[BlackElo "1751"]
[PlyCount "59"]
[EventDate "2017.09.03"]
[EventType "team-tourn"]
[EventRounds "9"]
[EventCountry "GER"]
[SourceTitle "EXT 2022"]
[Source "ChessBase"]
[SourceDate "2021.10.06"]
[SourceVersion "1"]
[SourceVersionDate "2021.10.06"]
[SourceQuality "1"]
[WhiteTeam "Unna SV II"]
[BlackTeam "Unna SV"]
[WhiteTeamCountry "GER"]
[BlackTeamCountry "GER"]

1. e4 c5 2. Nc3 Nc6 3. f4 d6 4. Nf3 Nf6 5. Be2 g6 6. d3 Bg7 7. Be3 a6 8. Qd2 b5 9. a3 Bb7 10. 0-0 Ng4 11. Bf2 Nxf2 12. Rxf2 Nd4 13. Nd1 0-0 14. Kh1 d5 15. e5 Nxe2 16. Rxe2 d4 17. Rf2 Qb6 18. b4 Bxf3 19. Rxf3 c4 20. dxc4 bxc4 21. Qf2 f6 22. f5 fxe5 23. fxg6 Qxg6 24. Qe2 Rxf3 25. gxf3 Rf8 26. Nb2 e4 27. fxe4 d3 28. cxd3 cxd3 29. Qxd3 Bxb2 30. Rg1 1-0

[Event "Ruhrgebiet Bezirksliga 15/16"]
[Site "Ruhrgebiet"]
[Date "2015.11.22"]
[Round "4.3"]
[White "Spaeh, Jan Lukas"]
[Black "Seibert, Joachim"]
[Result "1-0"]
[WhiteElo "1647"]
[BlackElo "1561"]
[PlyCount "61"]
[EventDate "2015.08.30"]
[EventType "team-tourn"]
[EventRounds "9"]
[EventCountry "GER"]
[SourceTitle "EXT 2022"]
[Source "ChessBase"]
[SourceDate "2021.10.06"]
[SourceVersion "1"]
[SourceVersionDate "2021.10.06"]
[SourceQuality "1"]
[WhiteTeam "Kamen SV IV"]
[BlackTeam "Unna SV II"]
[WhiteTeamCountry "GER"]
[BlackTeamCountry "GER"]

1. e4 e5 2. Nf3 Nc6 3. Bb5 d6 4. d4 a6 5. Bxc6+ bxc6 6. dxe5 Bg4 7. exd6 Bxd6 8. 0-0 Ne7 9. h3 Bd7 10. Re1 Qb8 11. b3 Ng6 12. e5 Bf8 13. Ba3 c5 14. Ng5 Bc6 15. Ne4 Nxe5 16. Nxc5 Bd6 17. f4 Qb6 18. Qd4 f6 19. fxe5 fxe5 20. Rxe5+ Bxe5 21. Qxe5+ Kd8 22. Nc3 Kc8 23. Kh1 Re8 24. Qxg7 h6 25. N3a4 Bxg2+ 26. Qxg2 Qa7 27. Qc6 Rd8 28. Re1 Rb8 29. Re8 Rb5 30. Rxd8+ Kxd8 31. Qd7# 1-0

[Event "Ruhrgebiet Verbandsklasse Gruppe 1 1415"]
[Site "Germany"]
[Date "2014.12.14"]
[Round "4"]
[White "Seibert, Joachim"]
[Black "Gasper, Joern"]
[Result "0-1"]
[WhiteElo "1509"]
[BlackElo "1637"]
[PlyCount "96"]
[EventDate "2014.09.21"]
[EventType "team-tourn"]
[EventRounds "9"]
[EventCountry "GER"]
[SourceTitle "EXT 2022"]
[Source "ChessBase"]
[SourceDate "2021.10.06"]
[SourceVersion "1"]
[SourceVersionDate "2021.10.06"]
[SourceQuality "1"]
[WhiteTeam "Unna SV"]
[BlackTeam "Waltrop SV"]
[WhiteTeamCountry "GER"]
[BlackTeamCountry "GER"]

1. e4 e5 2. Nf3 Nc6 3. Bc4 Bc5 4. 0-0 d6 5. c3 Nf6 6. d3 a6 7. Bg5 h6 8. Bh4 Ba7 9. d4 Bg4 10. d5 Ne7 11. Nbd2 g5 12. Bg3 Ng6 13. Be2 0-0 14. h3 Bd7 15. h4 Nh5 16. Kh2 Nxg3 17. fxg3 gxh4 18. Qe1 hxg3+ 19. Qxg3 Kh7 20. Qe1 f5 21. exf5 Bxf5 22. g3 Qd7 23. Rh1 Rg8 24. c4 Raf8 25. b4 Bg4 26. Qd1 Bxf3 27. Bxf3 Qg7 28. Ne4 Ne7 29. Kg2 Nf5 30. Qd3 Ne3+ 31. Kf2 Nc2+ 32. c5 Nxa1 33. Nf6+ Kh8 34. Nxg8 Kxg8 35. Rxa1 e4 36. Qxe4 Qxa1 37. Qe6+ Rf7 38. Kg2 Qf6 39. Qg4+ Kh8 40. cxd6 cxd6 41. Qc8+ Rf8 42. Qg4 Qxf3+ 43. Qxf3 Rxf3 44. Kxf3 Kg7 45. g4 Kf6 46. Kf4 Bd4 47. Ke4 Bc3 48. a3 b5 0-1